BPF/IPD annual lease review 2009 (Record no. 110304)
[ view plain ]
| 000 -LEADER | |
|---|---|
| fixed length control field | 01084cad a22002535a 4500 |
| 001 - CONTROL NUMBER | |
| control field | E148957 |
| 008 - FIXED-LENGTH DATA ELEMENTS--GENERAL INFORMATION | |
| fixed length control field | 091204s2009 xxk f s 000 0 eng d |
| 035 ## - SYSTEM CONTROL NUMBER | |
| System control number | (Sirsi) u148957 |
| 041 0# - LANGUAGE CODE | |
| Language code of text/sound track or separate title | eng |
| 050 04 - LIBRARY OF CONGRESS CALL NUMBER | |
| Classification number | 346.4104343 $2 18 |
| 110 2# - MAIN ENTRY--CORPORATE NAME | |
| Corporate name or jurisdiction name as entry element | British Property Federation |
| 9 (RLIN) | 1604 |
| 245 00 - TITLE STATEMENT | |
| Title | BPF/IPD annual lease review 2009 |
| Medium | [electronic resource] |
| 250 ## - EDITION STATEMENT | |
| Edition statement | 12th ed. |
| 260 ## - PUBLICATION, DISTRIBUTION, ETC. | |
| Place of publication, distribution, etc. | London |
| Name of publisher, distributor, etc. | BPF |
| Place of publication, distribution, etc. | London |
| Name of publisher, distributor, etc. | IPD |
| Date of publication, distribution, etc. | 2009 |
| 490 #0 - SERIES STATEMENT | |
| Series statement | BPF/IPD Annual Lease Review |
| Volume/sequential designation | 2009 |
| 520 ## - SUMMARY, ETC. | |
| Summary, etc. | Provides a detailed analysis of lease lengths, break clauses, review cycles, rent free periods and income profiles. Suggests that the average lease length is still falling, from 6.2 years in 2007/8 to 5.9 years in 2008/9. |
| 590 ## - LOCAL NOTE (RLIN) | |
| Local note | KA NTK |
| 650 24 - SUBJECT ADDED ENTRY--TOPICAL TERM | |
| Topical term or geographic name entry element | BPF/IPD ANNUAL LEASE REVIEW |
| 651 #4 - SUBJECT ADDED ENTRY--GEOGRAPHIC NAME | |
| Geographic name | United Kingdom |
| Chronological subdivision | |
| 690 ## - LOCAL SUBJECT ADDED ENTRY--TOPICAL TERM (OCLC, RLIN) | |
| Topical term or geographic name as entry element | PROPERTY-COMMERCIAL PROPERTY-COMMERCIAL PROPERTY MARKET |
| 710 2# - ADDED ENTRY--CORPORATE NAME | |
| Corporate name or jurisdiction name as entry element | Investment Property Databank |
| 9 (RLIN) | 2288 |
| 856 40 - ELECTRONIC LOCATION AND ACCESS | |
| Uniform Resource Identifier | <a href="https://www.bpf.org.uk/en/files/bpf_documents/BPF_Annual_Lease_Review_2009.pdf">https://www.bpf.org.uk/en/files/bpf_documents/BPF_Annual_Lease_Review_2009.pdf</a> |
| Public note | View the review free of charge at www.bpf.org.uk |
| 942 ## - ADDED ENTRY ELEMENTS (KOHA) | |
| Suppress in OPAC | 0 |
| Withdrawn status | Lost status | Source of classification or shelving scheme | Damaged status | Not for loan | Home library | Current library | Shelving location | Date acquired | Total Checkouts | Full call number | Barcode | Date last seen | Copy number | Price effective from | Koha item type |
|---|---|---|---|---|---|---|---|---|---|---|---|---|---|---|---|
| Dewey Decimal Classification | Virtual | Virtual | Online | 04/12/2009 | ONLINE PUBLICATION | 148957-2001 | 06/08/2019 | 1 | 06/08/2019 | Book |